A reneszánsz asszony (Heller Ágnes)
Elmentve itt :
| Szerző: | |
|---|---|
| Adatforrás: | Philobibl |
| Forrásdokumentuma: | PRO PHILosopia (1999) 17-18.sz 213-214. p. |
| Dokumentumtípus: | Cikk |
| Nyelv: | magyar |
| LEADER | 00296nab a2200097 c 4500 | ||
|---|---|---|---|
| 001 | bibDOK00019118 | ||
| 005 | 20200924121307.6 | ||
| 008 | 060518s1999 xx hun | ||
| 100 | 1 | |a Csejtei Dezső | |
| 245 | 1 | 2 | |a A reneszánsz asszony (Heller Ágnes) |c Csejtei Dezső |
| 773 | 0 | |t PRO PHILosopia (1999) 17-18.sz |g 213-214. p. | |